|
|
|
|
| LEADER |
02103nam a22004695i 4500 |
| 001 |
978-3-319-28585-6 |
| 003 |
DE-He213 |
| 005 |
20160420101401.0 |
| 007 |
cr nn 008mamaa |
| 008 |
160420s2016 gw | s |||| 0|eng d |
| 020 |
|
|
|a 9783319285856
|9 978-3-319-28585-6
|
| 024 |
7 |
|
|a 10.1007/978-3-319-28585-6
|2 doi
|
| 040 |
|
|
|d GrThAP
|
| 050 |
|
4 |
|a QL750-795
|
| 072 |
|
7 |
|a PSVP
|2 bicssc
|
| 072 |
|
7 |
|a JMAL
|2 bicssc
|
| 072 |
|
7 |
|a SCI070000
|2 bisacsh
|
| 072 |
|
7 |
|a PSY000000
|2 bisacsh
|
| 082 |
0 |
4 |
|a 591.5
|2 23
|
| 100 |
1 |
|
|a Ward, Ashley.
|e author.
|
| 245 |
1 |
0 |
|a Sociality: The Behaviour of Group-Living Animals
|h [electronic resource] /
|c by Ashley Ward, Mike Webster.
|
| 264 |
|
1 |
|a Cham :
|b Springer International Publishing :
|b Imprint: Springer,
|c 2016.
|
| 300 |
|
|
|a XIII, 276 p. 47 illus., 19 illus. in color.
|b online resource.
|
| 336 |
|
|
|a text
|b txt
|2 rdacontent
|
| 337 |
|
|
|a computer
|b c
|2 rdamedia
|
| 338 |
|
|
|a online resource
|b cr
|2 rdacarrier
|
| 347 |
|
|
|a text file
|b PDF
|2 rda
|
| 505 |
0 |
|
|a Part 1 What is Sociality? -- Part 2 How Do Animals Group? -- Part 3 Why Do Animals Group? -- Part 4 How does animal social behaviour fit in an evolutionary context?.
|
| 520 |
|
|
|a The last decade has seen a surge of interest among biologists in a range of social animal phenomena, including collective behaviour and social networks. In ‘Animal Social Behaviour’, authors Ashley Ward and Michael Webster integrate the most up-to-date empirical and theoretical research to provide a new synthesis of the field, which is aimed at fellow researchers and postgraduate students on the topic.
|
| 650 |
|
0 |
|a Life sciences.
|
| 650 |
|
0 |
|a Behavioral sciences.
|
| 650 |
|
0 |
|a Zoology.
|
| 650 |
1 |
4 |
|a Life Sciences.
|
| 650 |
2 |
4 |
|a Behavioral Sciences.
|
| 650 |
2 |
4 |
|a Zoology.
|
| 700 |
1 |
|
|a Webster, Mike.
|e author.
|
| 710 |
2 |
|
|a SpringerLink (Online service)
|
| 773 |
0 |
|
|t Springer eBooks
|
| 776 |
0 |
8 |
|i Printed edition:
|z 9783319285832
|
| 856 |
4 |
0 |
|u http://dx.doi.org/10.1007/978-3-319-28585-6
|z Full Text via HEAL-Link
|
| 912 |
|
|
|a ZDB-2-SBL
|
| 950 |
|
|
|a Biomedical and Life Sciences (Springer-11642)
|